Statystyki dla Wszyscy rumuńscy skoczkowie narciarscy w historii

Kliknij tutaj aby rozwiązać quiz!

Ogólne statystyki

  • Ten quiz został rozwiązany 7 razy
  • Średni wynik to 10 z 34

Statystyki odpowiedzi

Odpowiedź% Poprawnych
Daniel Andrei Cacina
100%
Nicolae Sorin Mitrofan
83%
Eduard Torok
67%
Florin Spulber
67%
Mihnea Alexandru Spulber
67%
Andrei Feldorean
50%
Sorin Iulian Pitea
50%
Csaba Szabo
33%
Hunor Farkas
33%
Mircea Jipescu
33%
Radu Pacurar
33%
Andrei Balazs
17%
Angelo Gobel
17%
Arpad Attila Mezel
17%
Ciprian Ionita
17%
Cosmin Donciu
17%
Csaba Magdo
17%
Dumitru Lupu
17%
Florin Feroiu
17%
Gheorghe Gerea
17%
Hubert Clompe
17%
Lorant Benedek
17%
Mihai Damian
17%
Moise Alexandru Folea
17%
Nicolae Munteanu
17%
Radu Ardelean
17%
Remus Tudor
17%
Robert Sandulescu
17%
Sabin Corbos
17%
Szilveszter Kozma
17%
Valentin Tatu
17%
Virgil Neagoe
17%
Wilhelm-Robert Grosz
17%
Stefan Biega
0%

Rozkład punktacji

Percentyl według liczby udzielonych odpowiedzi

Procent ludzi z każdym wynikiem

Twoja historia wyników

Nie rozwiązałeś tego quizu